00339nam a2200121 a 450000500170000000800410001702000180005805000180007610000180009424500650011226000310017730000090020820140412111329.0110117s19uu xx 00 eng d a0-02-179005-1 aBBbAs81 1991 aHartman, Gail aAs the crow flies / :bA first book of maps /cGail Hartman. aU.S.A :bMacmillan,c1991. a32p.